Perspectives on international relations and world history (Major3)/ (Record no. 12195)
[ view plain ]
| 000 -LEADER | |
|---|---|
| fixed length control field | 00504nam a22001817a 4500 |
| 005 - DATE AND TIME OF LATEST TRANSACTION | |
| control field | 20250826081213.0 |
| 008 - FIXED-LENGTH DATA ELEMENTS--GENERAL INFORMATION | |
| fixed length control field | 250826b |||||||| |||| 00| 0 eng d |
| 020 ## - INTERNATIONAL STANDARD BOOK NUMBER | |
| International Standard Book Number | 9789364401166 |
| 040 ## - CATALOGING SOURCE | |
| Original cataloging agency | IN-DiNC |
| Transcribing agency | IN-DiNC |
| 041 ## - LANGUAGE CODE | |
| Language code of sung or spoken text | English |
| 082 ## - DEWEY DECIMAL CLASSIFICATION NUMBER | |
| Classification number | 327 |
| Item number | GHA |
| 100 ## - MAIN ENTRY--PERSONAL NAME | |
| Personal name | Ghai, K K |
| Relator term | Author |
| 245 ## - TITLE STATEMENT | |
| Title | Perspectives on international relations and world history (Major3)/ |
| Statement of responsibility, etc. | by K K Ghai |
| 260 ## - PUBLICATION, DISTRIBUTION, ETC. | |
| Place of publication, distribution, etc. | Ludhiana: |
| Name of publisher, distributor, etc. | Kalyani, |
| Date of publication, distribution, etc. | 2020. |
| 300 ## - PHYSICAL DESCRIPTION | |
| Extent | 289p. |
| 650 ## - SUBJECT ADDED ENTRY--TOPICAL TERM | |
| Topical term or geographic name entry element | International relation |
| 942 ## - ADDED ENTRY ELEMENTS (KOHA) | |
| Source of classification or shelving scheme | Dewey Decimal Classification |
| Koha item type | Books |
| Withdrawn status | Lost status | Source of classification or shelving scheme | Damaged status | Not for loan | Collection code | Home library | Current library | Shelving location | Date acquired | Cost, normal purchase price | Total Checkouts | Full call number | Barcode | Date last seen | Copy number | Price effective from | Koha item type |
|---|---|---|---|---|---|---|---|---|---|---|---|---|---|---|---|---|---|
| Dewey Decimal Classification | Political Science | Central Library, Naharkatiya College | Central Library, Naharkatiya College | General Stacks | 26/08/2025 | 295.00 | 327 GHA | 30789 | 26/08/2025 | 1 | 26/08/2025 | Books | |||||
| Dewey Decimal Classification | Political Science | Central Library, Naharkatiya College | Central Library, Naharkatiya College | General Stacks | 26/08/2025 | 295.00 | 327 GHA | 30790 | 26/08/2025 | 2 | 26/08/2025 | Books | |||||
| Dewey Decimal Classification | Political Science | Central Library, Naharkatiya College | Central Library, Naharkatiya College | General Stacks | 26/08/2025 | 295.00 | 327 GHA | 30791 | 26/08/2025 | 3 | 26/08/2025 | Books |
